000
00314nam a2200133Ia 4500
100
_a
Kumbhojkar / G.V
650
_a
Applied mathematics
942
_c
RB
245
_a
Applied Mathematics III-Computers
260
_b
C.Jamnadas and Co.
_c
2010
082
_a
519
_b
KUM
546
_a
ENGLISH
_c
production
999
_c
20099
_d
20099